00829nam a2200229 u 450000100100000000500170001000800410002704000250006804100390009308200130013210000270014524000410017224500810021325000120029426000360030630000210034253400640036370000290042704900090045695201170046599900170058200002483320200930023410.0110204s1975 ag r 000 0 spa d aDO-SdBNPbspacBNPHU17aspaheng2Código de idiomas MARC ann*bnn*1 aRampa, Lobsang.94710414aThe cave of the ancients.lEspañol13aLa caverna de los antepasados /cLobsang Rampa ; traducción de Ines Nieto. a25a ed. aBuenos Aires :bTroquel,c1975. a237 p. ;c20 cm. aTitulo del original en inglés :tThe cave of the ancients1 aNieto, Ines,etr.950973 aBNGR 001054708MOaGRbGRcCTd2011-02-04iLF1l0onn* nn*p24833-10r2020-06-25w2020-06-25y4ZPréstamo en sala c24326d24326